[Event "GER-chT U14"]
[Site "Magdeburg"]
[Date "2013.12.27"]
[Round "1.2"]
[White "Leeb, Simon"]
[Black "Niesel, Tobias"]
[Result "1-0"]
[WhiteElo "1862"]
[BlackElo "1567"]
[PlyCount "81"]
[EventDate "2013.12.27"]
[EventType "team-swiss"]
[EventRounds "4"]
[EventCountry "GER"]
[SourceTitle "EXT 2015"]
[Source "ChessBase"]
[SourceDate "2014.11.20"]
[SourceVersion "1"]
[SourceVersionDate "2014.11.20"]
[SourceQuality "1"]
[WhiteTeam "Muenchen Suedost"]
[BlackTeam "Bruehl"]
[WhiteTeamCountry "GER"]
[BlackTeamCountry "GER"]

1. d4 Nf6 2. c4 c5 3. d5 b5 4. cxb5 a6 5. f3 d6 6. e4 g6 7. Bd2 Nbd7 8. Bc3 h5 9. Na3 Bh6 10. Bd3 g5 11. Ne2 h4 12. Qc2 Rg8 13. Qd2 axb5 14. Bxb5 Rg6 15. g4 Kf8 16. Bc6 Ra7 17. h3 Ba6 18. Nb5 Bxb5 19. Bxb5 Qb6 20. Bd3 Ne5 21. 0-0 Nxd3 22. Qxd3 Bg7 23. Kg2 Nd7 24. f4 Qa6 25. Qe3 Bh6 26. fxg5 Bxg5 27. Nf4 Ke8 28. Qf3 Bxf4 29. Qxf4 Nf6 30. Qe3 Nd7 31. Rf2 f6 32. Qf4 Qc4 33. Rc1 Ra4 34. Bxf6 Qxe4+ 35. Qxe4 Rxe4 36. Bxh4 Nb6 37. Rd1 Nc4 38. Rd3 Ne5 39. Ra3 Kd7 40. Ra7+ Ke8 41. Rxe7+ 1-0

[Event "Cologne Longerich op 09th"]
[Site "Cologne"]
[Date "2012.08.05"]
[Round "5"]
[White "Niesel, Tobias"]
[Black "Rebischke, Florian"]
[Result "1-0"]
[WhiteElo "1401"]
[BlackElo "1305"]
[PlyCount "69"]
[EventDate "2012.08.03"]
[EventType "tourn"]
[EventRounds "5"]
[EventCountry "GER"]
[SourceTitle "EXT 2017"]
[Source "ChessBase"]
[SourceDate "2016.10.25"]
[SourceVersion "1"]
[SourceVersionDate "2016.10.25"]
[SourceQuality "1"]

1. c4 c5 2. g3 Nc6 3. Bg2 e6 4. e4 Nge7 5. Nc3 Ne5 6. d3 N7c6 7. f4 Ng6 8. Nge2 a6 9. 0-0 Bd6 10. Be3 b6 11. e5 Bc7 12. Ne4 Bb7 13. d4 cxd4 14. Nxd4 Nxd4 15. Bxd4 Bc6 16. b4 Rb8 17. a3 Ne7 18. Qh5 Bxe4 19. Bxe4 Nc6 20. Bc3 Qe7 21. Rae1 g6 22. Qf3 Na7 23. f5 gxf5 24. Bxf5 exf5 25. e6 fxe6 26. Bxh8 Qg5 27. Qxf5 Qg8 28. Qh5+ Kd8 29. Be5 Bxe5 30. Qxe5 Nc6 31. Qd6 Ke8 32. b5 axb5 33. cxb5 Rc8 34. bxc6 Qg7 35. cxd7+ 1-0

[Event "Cologne Longerich op 09th"]
[Site "Cologne"]
[Date "2012.08.05"]
[Round "3"]
[White "Niesel, Tobias"]
[Black "Theissen, Frank"]
[Result "1/2-1/2"]
[WhiteElo "1401"]
[BlackElo "1731"]
[PlyCount "58"]
[EventDate "2012.08.03"]
[EventType "tourn"]
[EventRounds "5"]
[EventCountry "GER"]
[SourceTitle "EXT 2017"]
[Source "ChessBase"]
[SourceDate "2016.10.25"]
[SourceVersion "1"]
[SourceVersionDate "2016.10.25"]
[SourceQuality "1"]

1. c4 c6 2. g3 e6 3. Bg2 d5 4. Nf3 Nf6 5. 0-0 Be7 6. e3 0-0 7. Nc3 Nbd7 8. b3 b6 9. d4 Ba6 10. Nd2 Rc8 11. Bb2 Re8 12. Re1 Bb7 13. Rc1 Bd6 14. cxd5 exd5 15. Bf1 Qe7 16. Qc2 Ne4 17. Bh3 Ng5 18. Bg2 Nf6 19. Nf3 Nge4 20. Nh4 Qe6 21. Nf3 Ba6 22. Ne5 c5 23. Nxe4 Nxe4 24. Qd1 Nf6 25. f4 Ne4 26. Qh5 f6 27. Bh3 Qe7 28. Bxc8 Rxc8 29. Ng4 Nd2 1/2-1/2